[Event "SW New Year Major"]
[Site "Bridgend"]
[Date "2018.01.05"]
[Round "1.1"]
[White "Gay, Conor"]
[Black "Hurn, Robert AJ"]
[Result "1-0"]
[WhiteElo "1834"]
[BlackElo "1664"]
[PlyCount "65"]
[EventDate "2018.01.05"]
[EventType "swiss"]
[EventRounds "5"]
[EventCountry "WLS"]
[SourceDate "2018.01.07"]

1. e4 c5 2. Nc3 Nc6 3. g3 g6 4. Bg2 Bg7 5. d3 d6 6. f4 e6 7. Nf3 Nge7 8. O-O
O-O 9. Be3 b6 10. d4 Ba6 11. Re1 d5 12. e5 cxd4 13. Nxd4 Nxd4 14. Bxd4 Rc8 15.
Bf1 Bxf1 16. Rxf1 Nf5 17. Bf2 h5 18. h3 Qd7 19. Qd3 Rfd8 20. a4 Bf8 21. g4 hxg4
22. hxg4 Ng7 23. Qh3 Ne8 24. Kg2 f6 25. Rh1 Qg7 26. exf6 Nxf6 27. Bd4 Rxc3 28.
bxc3 e5 29. Bxe5 d4 30. Bxf6 Qb7+ 31. Kf2 Bc5 32. Qh8+ Kf7 33. Qg7+ 1-0

[Event "SW New Year Major"]
[Site "Bridgend"]
[Date "2018.01.05"]
[Round "1.2"]
[White "Blackmore, Simon"]
[Black "Di-Vetta, Andrew"]
[Result "0-1"]
[WhiteElo "1642"]
[BlackElo "1791"]
[PlyCount "56"]
[EventDate "2018.01.05"]
[EventType "swiss"]
[EventRounds "5"]
[EventCountry "WLS"]
[SourceDate "2018.01.07"]

1. e4 c5 2. Nf3 d6 3. c3 g6 4. d4 cxd4 5. cxd4 Bg7 6. Nc3 a6 7. Bc4 e6 8. O-O
b5 9. Bb3 Bb7 10. a3 Ne7 11. Bf4 d5 12. e5 Nbc6 13. Rc1 Rc8 14. Qd2 h6 15. Rc2
g5 16. Bg3 Nf5 17. Ne2 g4 18. Ne1 Qa5 19. Qf4 Nce7 20. Qxg4 h5 21. Rxc8+ Bxc8
22. Qf3 b4 23. Nc2 bxa3 24. bxa3 Ng6 25. Rc1 Bd7 26. Qc3 Qxc3 27. Nxc3 h4 28.
Nb4 Nxd4 0-1

[Event "SW New Year Major"]
[Site "Bridgend"]
[Date "2018.01.05"]
[Round "1.3"]
[White "Orton, Paul"]
[Black "Williams, Steve"]
[Result "0-1"]
[WhiteElo "1608"]
[BlackElo "1765"]
[PlyCount "94"]
[EventDate "2018.01.05"]
[EventType "swiss"]
[EventRounds "5"]
[EventCountry "WLS"]
[SourceDate "2018.01.07"]

1. d4 d5 2. Bf4 Nf6 3. e3 c5 4. c3 Nc6 5. Nd2 Qb6 6. Qb3 Bf5 7. Qxb6 axb6 8.
Bc7 c4 9. Bxb6 e5 10. Ngf3 e4 11. Ne5 Bd6 12. Nxc6 bxc6 13. a4 Nd7 14. Bc5 Bxc5
15. dxc5 Nxc5 16. a5 O-O 17. Be2 Rfb8 18. Ra2 Rb5 19. O-O Rbxa5 20. Rxa5 Rxa5
21. Rb1 Ra2 22. Bd1 Kf8 23. Bc2 Ke7 24. Kf1 Bc8 25. f3 f5 26. Ke1 Ba6 27. Kd1
Bb5 28. b3 cxb3 29. Nxb3 Ba4 30. Nd4 Bxc2+ 31. Nxc2 Kd6 32. f4 Na4 33. Kd2 Nb2
34. Kc1 Nd3+ 35. Kd2 Rb2 36. Ra1 Rb7 37. Nd4 g6 38. Ra6 Rb2+ 39. Nc2 Ne1 40.
Kxe1 Rxc2 41. Ra7 Rxc3 42. Kd2 Rb3 43. Rxh7 Rb2+ 44. Kc1 Rxg2 45. Rh6 c5 46. h4
d4 47. h5 Ke6 0-1

[Event "SW New Year Major"]
[Site "Bridgend"]
[Date "2018.01.05"]
[Round "1.4"]
[White "Philpin, Les"]
[Black "Gay, Simon"]
[Result "0-1"]
[WhiteElo "1521"]
[BlackElo "1730"]
[PlyCount "78"]
[EventDate "2018.01.05"]
[EventType "swiss"]
[EventRounds "5"]
[EventCountry "WLS"]
[SourceDate "2018.01.07"]

1. d4 Nf6 2. Nf3 g6 3. Bf4 Bg7 4. e3 d6 5. Nbd2 Nbd7 6. c3 O-O 7. Be2 c5 8. h4
Nd5 9. Bg3 N7f6 10. Ng5 h6 11. Nh3 Qc7 12. dxc5 Qxc5 13. Nb3 Qc7 14. h5 e5 15.
hxg6 fxg6 16. Bd3 Bf5 17. Bxf5 gxf5 18. Nd2 Rad8 19. Bh4 Rd7 20. Qb3 Rdf7 21.
O-O-O Nb6 22. Kb1 d5 23. f3 Nc4 24. Nxc4 Qxc4 25. Qxc4 dxc4 26. Bxf6 Bxf6 27.
Rd5 Rg7 28. Rg1 Rd8 29. Rc5 Rd2 30. Rxc4 Rgxg2 31. Rxg2+ Rxg2 32. Rc8+ Kg7 33.
Rc7+ Kg6 34. f4 e4 35. Rxb7 Rh2 36. Ng1 Rh1 37. Rxa7 Rxg1+ 38. Kc2 h5 39. a4 h4
0-1

[Event "SW New Year Major"]
[Site "Bridgend"]
[Date "2018.01.05"]
[Round "1.5"]
[White "Hammett, Scott"]
[Black "Livermore, Richard"]
[Result "1-0"]
[WhiteElo "1484"]
[BlackElo "1697"]
[PlyCount "93"]
[EventDate "2018.01.05"]
[EventType "swiss"]
[EventRounds "5"]
[EventCountry "WLS"]
[SourceDate "2018.01.07"]

1. f4 d5 2. Nf3 c5 3. e3 Nf6 4. Be2 Nc6 5. O-O g6 6. c3 Bg7 7. d4 Qb6 8. Nbd2
O-O 9. Nb3 Ne4 10. Nbd2 Bf5 11. Ne5 cxd4 12. Nxc6 bxc6 13. exd4 Bxd4+ 14. cxd4
Qxd4+ 15. Kh1 Nf2+ 16. Rxf2 Qxf2 17. Qf1 Qxf1+ 18. Nxf1 h6 19. Ng3 Bd7 20. Be3
f6 21. Bc5 Rfe8 22. Bd3 Kf7 23. f5 g5 24. Re1 e5 25. fxe6+ Rxe6 26. Rxe6 Bxe6
27. Nf5 Bxf5 28. Bxf5 a5 29. b3 Rb8 30. Bd7 Kg7 31. Ba3 Rb6 32. Kg1 Kg6 33. Kf2
f5 34. Ke3 a4 35. bxa4 Ra6 36. Bb4 c5 37. Bxc5 Ra5 38. Kd4 Kf6 39. Kxd5 f4 40.
Bb5 h5 41. Bb6 Ra8 42. a5 g4 43. Bc6 Ra6 44. Bb7 Rxb6 45. axb6 f3 46. gxf3 gxf3
47. Ba6 1-0

[Event "SW New Year Major"]
[Site "Bridgend"]
[Date "2018.01.05"]
[Round "1.6"]
[White "O'Rourke, Kevin"]
[Black "Miga, Tomasz"]
[Result "0-1"]
[WhiteElo "1175"]
[BlackElo "1694"]
[PlyCount "72"]
[EventDate "2018.01.05"]
[EventType "swiss"]
[EventRounds "5"]
[EventCountry "WLS"]
[SourceDate "2018.01.07"]

1. e4 d5 2. e5 c5 3. Nf3 Nc6 4. Bb5 Bg4 5. h3 Bh5 6. Nc3 d4 7. Ne4 e6 8. Ng3
Bg6 9. d3 Qa5+ 10. b4 Qxb5 11. O-O Nxb4 12. Rb1 Qc6 13. Nh4 Be7 14. Nxg6 hxg6
15. a3 Nd5 16. Ne4 Nh6 17. Bg5 Bxg5 18. Nxg5 Nc3 19. Qf3 Qxf3 20. Nxf3 Nxb1 21.
Rxb1 Rb8 22. Rb5 b6 23. Nd2 a6 24. Rb3 b5 25. Ne4 Ke7 26. Nxc5 a5 27. Na6 Rb6
28. Nc7 Rhb8 29. c3 Kd7 30. Nxe6 Kxe6 31. cxd4 Nf5 32. d5+ Kxd5 33. g4 Nd4 34.
Rb1 Kxe5 35. Re1+ Kf6 36. h4 Nf3+ 0-1

[Event "SW New Year Major"]
[Site "Bridgend"]
[Date "2018.01.06"]
[Round "2.1"]
[White "Miga, Tomasz"]
[Black "Gay, Conor"]
[Result "1/2-1/2"]
[WhiteElo "1694"]
[BlackElo "1834"]
[PlyCount "93"]
[EventDate "2018.01.05"]
[EventType "swiss"]
[EventRounds "5"]
[EventCountry "WLS"]
[SourceDate "2018.01.07"]

1. d4 Nf6 2. Nf3 g6 3. Bf4 Bg7 4. e3 d6 5. Bd3 Nbd7 6. h3 O-O 7. Nbd2 c5 8. c3
Re8 9. O-O e5 10. dxe5 dxe5 11. Bg5 Qc7 12. e4 a6 13. a4 b6 14. Re1 Bb7 15. Qc2
Bc6 16. b4 b5 17. axb5 axb5 18. Rxa8 Rxa8 19. c4 bxc4 20. Qxc4 Ra4 21. Rb1 Rxb4
22. Rxb4 cxb4 23. Qxb4 Nh5 24. Qc3 Qb7 25. Qb3 Qxb3 26. Nxb3 Nf4 27. Bxf4 exf4
28. Nfd2 Bc3 29. f3 Ne5 30. Be2 Ba4 31. Kf2 Bb4 32. Ba6 Kg7 33. Ke2 Bc3 34. Nc5
Bc2 35. Nc4 Kf6 36. Nxe5 Bxe5 37. Nd7+ Ke6 38. Nxe5 Kxe5 39. Bc4 f5 40. exf5
Bxf5 41. Kf2 Kd4 42. Ba6 g5 43. Bb5 Bg6 44. Ba6 h6 45. Bb5 Bd3 46. Be8 Bf5 47.
Bb5 1/2-1/2

[Event "SW New Year Major"]
[Site "Bridgend"]
[Date "2018.01.06"]
[Round "2.2"]
[White "Di-Vetta, Andrew"]
[Black "Gay, Simon"]
[Result "1/2-1/2"]
[WhiteElo "1791"]
[BlackElo "1730"]
[PlyCount "88"]
[EventDate "2018.01.05"]
[EventType "swiss"]
[EventRounds "5"]
[EventCountry "WLS"]
[SourceDate "2018.01.07"]

1. Nf3 Nf6 2. g3 g6 3. Bg2 Bg7 4. O-O O-O 5. c4 d6 6. Nc3 Nbd7 7. Rb1 a6 8. b3
c5 9. Bb2 b5 10. Ng5 Rb8 11. d3 Ne8 12. Qc2 Ne5 13. f3 e6 14. Nh3 Qc7 15. Nf2
Nf6 16. e4 Nc6 17. Qd2 Rd8 18. f4 b4 19. Ne2 e5 20. h3 a5 21. g4 Bb7 22. Nd1
Nd4 23. Nxd4 cxd4 24. f5 Nd7 25. g5 Nc5 26. f6 Bf8 27. Nf2 Bc8 28. Qe2 a4 29.
Bc1 axb3 30. axb3 Be6 31. Qc2 Ra8 32. Bb2 Ra2 33. Ra1 Rda8 34. Rfb1 Rxa1 35.
Bxa1 Ra3 36. Bf3 Qa5 37. Bb2 Ra2 38. Bd1 Qa8 39. Kh2 Bd7 40. Qc1 Qc8 41. Ra1
Qa6 42. Rxa2 Qxa2 43. Qa1 Qxa1 44. Bxa1 Be6 1/2-1/2

[Event "SW New Year Major"]
[Site "Bridgend"]
[Date "2018.01.06"]
[Round "2.3"]
[White "Williams, Steve"]
[Black "Lutchman Sing, Aishwarya"]
[Result "0-1"]
[WhiteElo "1765"]
[BlackElo "1356"]
[PlyCount "130"]
[EventDate "2018.01.05"]
[EventType "swiss"]
[EventRounds "5"]
[EventCountry "WLS"]
[SourceDate "2018.01.07"]

1. d4 Nf6 2. c4 d6 3. Nc3 Nbd7 4. e4 e5 5. d5 Nc5 6. f3 a5 7. Be3 Nfd7 8. g4
Be7 9. Nh3 Bh4+ 10. Nf2 Qf6 11. Be2 h5 12. h3 hxg4 13. hxg4 Nf8 14. Nb5 Nxe4
15. Rxh4 Rxh4 16. Nxe4 Rh1+ 17. Bf1 Qh4+ 18. Bf2 Qd8 19. Qd2 f5 20. gxf5 Bxf5
21. O-O-O Rh2 22. Qe3 Kd7 23. c5 Bxe4 24. fxe4 Qf6 25. Bg1 Qh6 26. cxd6 Qxe3+
27. Bxe3 cxd6 28. Nc3 Rc8 29. Bb6 a4 30. Bb5+ Ke7 31. Bxa4 Re2 32. Kb1 Rh2 33.
Rg1 Rh7 34. Bd1 Nd7 35. Be3 Rg8 36. Bg4 g6 37. Bg5+ Nf6 38. Rf1 Rf8 39. Be6 Rh5
40. Bxf6+ Rxf6 41. Rxf6 Kxf6 42. a4 g5 43. a5 Rh1+ 44. Kc2 Rg1 45. Ne2 Ra1 46.
b4 Ra2+ 47. Kd3 Rb2 48. Nc3 Rxb4 49. Bc8 Kg6 50. Bd7 Kh5 51. Nb5 g4 52. Bxg4+
Kxg4 53. Nxd6 Kg5 54. Nc4 Kf6 55. d6 Ke6 56. Kc3 Rb1 57. d7 Kxd7 58. Nxe5+ Ke6
59. Nc4 Rd1 60. Kb4 Rd4 61. e5 Kd5 62. e6 Rxc4+ 63. Kb5 Rc7 64. Kb6 Re7 65. a6
bxa6 0-1

[Event "SW New Year Major"]
[Site "Bridgend"]
[Date "2018.01.06"]
[Round "2.4"]
[White "Rovaretti, David"]
[Black "Jones, Gavin"]
[Result "0-1"]
[WhiteElo "1762"]
[BlackElo "1630"]
[PlyCount "71"]
[EventDate "2018.01.05"]
[EventType "swiss"]
[EventRounds "5"]
[EventCountry "WLS"]
[SourceDate "2018.01.07"]

1. d4 e6 2. Nf3 Nf6 3. Bf4 d5 4. Nbd2 Bd6 5. Bg3 Nc6 6. c3 Bd7 7. e3 h5 8. Bd3
Qe7 9. Ne5 O-O-O 10. b4 Bxe5 11. dxe5 Ng4 12. Nf3 f6 13. exf6 Qxf6 14. Qb3 h4
15. Bf4 h3 16. Bf1 Rh5 17. a4 hxg2 18. Bxg2 e5 19. Bg3 Be6 20. Qb2 e4 21. Nd4
Nce5 22. O-O-O Rdh8 23. h3 Nd3+ 24. Rxd3 exd3 25. Qd2 Ne5 26. Nxe6 Qxe6 27. h4
g5 28. Bh3 g4 29. Bxe5 Rxe5 30. Bg2 Qg6 31. Bf1 Qe4 32. Rh2 g3 33. fxg3 Qf3 34.
Qf2 Qxf2 35. Rxf2 Rxe3 36. Rh2 0-1

[Event "SW New Year Major"]
[Site "Bridgend"]
[Date "2018.01.06"]
[Round "2.5"]
[White "Penny, Liam"]
[Black "Cooke, Tom"]
[Result "0-1"]
[WhiteElo "1716"]
[BlackElo "1722"]
[PlyCount "152"]
[EventDate "2018.01.05"]
[EventType "swiss"]
[EventRounds "5"]
[EventCountry "WLS"]
[SourceDate "2018.01.07"]

1. d4 c6 2. Nf3 Nf6 3. Nbd2 d5 4. e3 g6 5. b3 Bg7 6. Bb2 Bf5 7. c4 Nbd7 8. Be2
O-O 9. cxd5 cxd5 10. Nh4 Be6 11. f4 Nb6 12. g4 Qd7 13. h3 Ne4 14. Bd3 f5 15.
gxf5 Bxf5 16. Nxf5 Qxf5 17. Nxe4 dxe4 18. Bc4+ Kh8 19. Bc3 Rac8 20. Qe2 Nd5 21.
Bxd5 Qxd5 22. Rc1 Rc7 23. O-O g5 24. Qg4 gxf4 25. Rxf4 Rxf4 26. Qxf4 Rc8 27.
Bd2 Rf8 28. Qg4 Bxd4 29. Rc8 Bg7 30. Rxf8+ Bxf8 31. Bc3+ e5 32. Qh5 Bg7 33.
Qe8+ Qg8 34. Qxg8+ Kxg8 35. Kg2 Kf7 36. Kg3 Kg6 37. Kg4 h5+ 38. Kg3 Kg5 39. Bb4
Bf6 40. Bc5 a6 41. a4 b5 42. axb5 axb5 43. Bd6 Kf5 44. Bc5 Ke6 45. Bf8 Bg5 46.
Bc5 Kd5 47. b4 Kc4 48. Kf2 Kd3 49. Bb6 Be7 50. Bc5 Bh4+ 51. Kf1 Bg3 52. Bb6 Bh4
53. Bc5 Kd2 54. Bb6 Bg5 55. Kf2 Kc3 56. Bc5 Kc4 57. Ke2 Bh6 58. Kd2 Bg5 59. Ke2
Bd8 60. Kd2 Ba5 61. bxa5 Kxc5 62. Kc3 b4+ 63. Kb3 Kb5 64. a6 Kxa6 65. Kxb4 Kb6
66. Kc4 Kc6 67. h4 Kd6 68. Kb4 Kd5 69. Kb5 Ke6 70. Kc6 Kf5 71. Kd5 Kg4 72. Kxe5
Kxh4 73. Kxe4 Kg3 74. Kf5 h4 75. e4 h3 76. e5 h2 0-1

[Event "SW New Year Major"]
[Site "Bridgend"]
[Date "2018.01.06"]
[Round "2.6"]
[White "Jones, Jonathan"]
[Black "Williams, David"]
[Result "0-1"]
[WhiteElo "1525"]
[BlackElo "1711"]
[PlyCount "68"]
[EventDate "2018.01.05"]
[EventType "swiss"]
[EventRounds "5"]
[EventCountry "WLS"]
[SourceDate "2018.01.07"]

1. d4 c5 2. Nf3 cxd4 3. Qxd4 Nc6 4. Qd1 e6 5. Bf4 d5 6. e3 Bd6 7. Bxd6 Qxd6 8.
c3 Nf6 9. Nbd2 O-O 10. Qc2 e5 11. O-O-O e4 12. Nxe4 Nxe4 13. Bd3 Nf6 14. h3 a6
15. g4 g6 16. Rhg1 b5 17. g5 Nh5 18. Be4 Ne7 19. Nh4 Qc5 20. b4 Qc6 21. Bf3 Be6
22. Bxh5 gxh5 23. f4 Bxh3 24. Rh1 Bg4 25. Rdf1 a5 26. a3 axb4 27. g6 hxg6 28.
f5 Qxc3 29. Qxc3 bxc3 30. fxg6 fxg6 31. Rfg1 Rxa3 32. Kc2 b4 33. Kd3 Rc8 34.
Rf1 c2+ 0-1

[Event "SW New Year Major"]
[Site "Bridgend"]
[Date "2018.01.06"]
[Round "2.7"]
[White "Cox, John"]
[Black "Fraser, Susanna"]
[Result "1/2-1/2"]
[WhiteElo "1492"]
[BlackElo "1655"]
[PlyCount "70"]
[EventDate "2018.01.05"]
[EventType "swiss"]
[EventRounds "5"]
[EventCountry "WLS"]
[SourceDate "2018.01.07"]

1. e4 e5 2. Nf3 Nc6 3. Nc3 Bc5 4. Bc4 Nf6 5. d3 h6 6. O-O O-O 7. Na4 Bb4 8. a3
Ba5 9. b4 Bb6 10. Nxb6 axb6 11. b5 Na5 12. Nxe5 Nxc4 13. Nxc4 d5 14. exd5 Qxd5
15. Rb1 Bd7 16. Ne3 Qa2 17. Bb2 Nd5 18. Nxd5 Qxd5 19. c4 Qd6 20. Re1 Rfe8 21.
Qf3 Rab8 22. Rxe8+ Rxe8 23. Rd1 Qe6 24. g3 Qe2 25. Qxe2 Rxe2 26. Bc3 f6 27. Re1
Rxe1+ 28. Bxe1 Bf5 29. d4 Bd3 30. c5 bxc5 31. dxc5 Bxb5 32. f3 Kf7 33. Kf2 Ke6
34. Ke3 Kd5 35. Bb4 g6 1/2-1/2

[Event "SW New Year Major"]
[Site "Bridgend"]
[Date "2018.01.06"]
[Round "2.8"]
[White "Livermore, Richard"]
[Black "Orton, Paul"]
[Result "1/2-1/2"]
[WhiteElo "1697"]
[BlackElo "1608"]
[PlyCount "88"]
[EventDate "2018.01.05"]
[EventType "swiss"]
[EventRounds "5"]
[EventCountry "WLS"]
[SourceDate "2018.01.07"]

1. d4 Nf6 2. Nf3 d5 3. e3 e6 4. Bd3 c5 5. b3 Be7 6. Nbd2 Nc6 7. a3 O-O 8. Bb2
Qc7 9. Ne5 Nxe5 10. dxe5 Nd7 11. f4 f5 12. c4 dxc4 13. Bxc4 Nb6 14. Qe2 Nxc4
15. Qxc4 Qc6 16. O-O b5 17. Qe2 Bb7 18. Rac1 Rac8 19. Rfd1 Qb6 20. Nf3 Rfd8 21.
Rc2 Rxd1+ 22. Qxd1 Rd8 23. Rd2 Rxd2 24. Qxd2 Bxf3 25. gxf3 Qd8 26. Qxd8+ Bxd8
27. Kf2 Kf7 28. e4 g6 29. Bc1 Bb6 30. Be3 Ke8 31. Ke2 Kd7 32. b4 Kc6 33. Kd2 a5
34. bxa5 Bxa5+ 35. Kc2 b4 36. axb4 Bxb4 37. Bc1 c4 38. Be3 Bc5 39. Bc1 Bd4 40.
Bd2 Kb5 41. Bc1 Ka4 42. Bd2 Ka3 43. Bc1+ Ka2 44. Bd2 Ka3 1/2-1/2

[Event "SW New Year Major"]
[Site "Bridgend"]
[Date "2018.01.06"]
[Round "2.9"]
[White "Hurn, Robert AJ"]
[Black "Philpin, Les"]
[Result "1/2-1/2"]
[WhiteElo "1664"]
[BlackElo "1521"]
[PlyCount "62"]
[EventDate "2018.01.05"]
[EventType "swiss"]
[EventRounds "5"]
[EventCountry "WLS"]
[SourceDate "2018.01.07"]

1. d4 e6 2. c4 Nf6 3. Nc3 d5 4. cxd5 Nxd5 5. e4 Nb6 6. Nf3 Be7 7. Be3 c6 8. Be2
N8d7 9. Rc1 Nf8 10. O-O Ng6 11. Qd2 O-O 12. Rfd1 Bf6 13. e5 Be7 14. Bd3 Bd7 15.
Bg5 Rc8 16. Ne4 Nd5 17. Bxe7 Qxe7 18. Nd6 Rb8 19. g3 f5 20. Ng5 h6 21. Nh3 Nh8
22. f4 Nf7 23. Nc4 b6 24. a3 c5 25. Bc2 Rfd8 26. Nf2 cxd4 27. Qe1 b5 28. Nd6
Nxd6 29. exd6 Qxd6 30. Rxd4 Qb6 31. Rcd1 Nf6 1/2-1/2

[Event "SW New Year Major"]
[Site "Bridgend"]
[Date "2018.01.06"]
[Round "3.1"]
[White "Lutchman Sing, Aishwarya"]
[Black "Gay, Conor"]
[Result "0-1"]
[WhiteElo "1356"]
[BlackElo "1834"]
[PlyCount "52"]
[EventDate "2018.01.05"]
[EventType "swiss"]
[EventRounds "5"]
[EventCountry "WLS"]
[SourceDate "2018.01.07"]

1. d4 Nf6 2. Nf3 g6 3. Bf4 Bg7 4. e3 d6 5. Nbd2 Nbd7 6. c3 O-O 7. Bd3 Nh5 8.
Bg3 Nxg3 9. hxg3 e5 10. Ne4 d5 11. Neg5 e4 12. Nxh7 exd3 13. Nxf8 Nxf8 14. Qxd3
Bf5 15. Qe2 Bg4 16. Rh4 f5 17. Qd3 Qd6 18. Nh2 g5 19. Nxg4 gxh4 20. Qxf5 hxg3
21. f3 Re8 22. Kd2 c5 23. Qg5 cxd4 24. exd4 Ng6 25. Qh5 Re2+ 26. Kd3 Nf4# 0-1

[Event "SW New Year Major"]
[Site "Bridgend"]
[Date "2018.01.06"]
[Round "3.2"]
[White "Jones, Gavin"]
[Black "Di-Vetta, Andrew"]
[Result "0-1"]
[WhiteElo "1630"]
[BlackElo "1791"]
[PlyCount "70"]
[EventDate "2018.01.05"]
[EventType "swiss"]
[EventRounds "5"]
[EventCountry "WLS"]
[SourceDate "2018.01.07"]

1. e4 c5 2. Nc3 Nc6 3. g3 g6 4. Bg2 Bg7 5. Nge2 e6 6. O-O Nge7 7. d3 a6 8. a4
O-O 9. Bg5 f6 10. Be3 d6 11. Qd2 e5 12. f4 Nd4 13. h3 Bd7 14. fxe5 dxe5 15. Nd5
Nec6 16. Nc1 Ne7 17. c4 Nec6 18. a5 Be6 19. Rf2 Rb8 20. Qc3 Qd6 21. Qa3 f5 22.
Nb3 Nxb3 23. Qxb3 Nd4 24. Qb6 Qxb6 25. Nxb6 fxe4 26. dxe4 Rxf2 27. Bxf2 Rf8 28.
Rf1 Bh6 29. Be1 Be3+ 30. Kh2 Rxf1 31. Bxf1 Nf3+ 32. Kh1 Nxe1 33. Na4 Bd7 34.
Nc3 Bc6 35. Nd5 Bd2 0-1

[Event "SW New Year Major"]
[Site "Bridgend"]
[Date "2018.01.06"]
[Round "3.3"]
[White "Williams, David"]
[Black "Hammett, Scott"]
[Result "1-0"]
[WhiteElo "1711"]
[BlackElo "1484"]
[PlyCount "47"]
[EventDate "2018.01.05"]
[EventType "swiss"]
[EventRounds "5"]
[EventCountry "WLS"]
[SourceDate "2018.01.07"]

1. e4 c5 2. Nf3 Nc6 3. Nc3 d6 4. Bc4 e6 5. d3 Be7 6. O-O Nf6 7. Bg5 O-O 8. h3
a6 9. a4 Bd7 10. Ne2 Qc8 11. Ng3 h6 12. Be3 Nh7 13. Qd2 g5 14. Nh2 Bf6 15. c3
Ne5 16. f4 gxf4 17. Bxf4 Bg5 18. Qe2 Bxf4 19. Rxf4 Nxc4 20. dxc4 e5 21. Rh4 Kg7
22. Qh5 Rh8 23. Qxh6+ Kg8 24. Nh5 1-0

[Event "SW New Year Major"]
[Site "Bridgend"]
[Date "2018.01.06"]
[Round "3.4"]
[White "Cooke, Tom"]
[Black "Miga, Tomasz"]
[Result "1/2-1/2"]
[WhiteElo "1722"]
[BlackElo "1694"]
[PlyCount "120"]
[EventDate "2018.01.05"]
[EventType "swiss"]
[EventRounds "5"]
[EventCountry "WLS"]
[SourceDate "2018.01.07"]

1. e4 d5 2. exd5 Qxd5 3. Nc3 Qa5 4. Nf3 Nf6 5. Bc4 Bf5 6. d3 c6 7. Bd2 Qc7 8.
h3 e6 9. a3 Nbd7 10. Qe2 O-O-O 11. Nh4 Bg6 12. Nxg6 hxg6 13. O-O-O Bd6 14. d4
Nb6 15. Bd3 Nfd5 16. Nxd5 Nxd5 17. g3 Rhe8 18. f4 Qb6 19. Bc4 Be7 20. Be1 Bf6
21. Bxd5 Rxd5 22. c3 Red8 23. Bf2 Qb3 24. Qc2 Qc4 25. h4 Rb5 26. a4 Rb3 27.
Rhe1 Qxa4 28. Kd2 Qc4 29. Re4 Rd5 30. Ke1 a5 31. g4 b5 32. g5 Bd8 33. Re5 b4
34. Rxd5 exd5 35. Kd2 bxc3+ 36. bxc3 Qb5 37. Qd3 Bc7 38. Be3 Rb2+ 39. Kc1 Qb3
40. Rd2 Rxd2 41. Bxd2 a4 42. Qc2 Qc4 43. Kb2 Bd6 44. Bc1 a3+ 45. Ka1 Qf1 46.
Ka2 Bxf4 47. Bxa3 Qc4+ 48. Kb1 Bg3 49. Bb4 Bxh4 50. Qd1 Bf2 51. Qg4+ Kd8 52.
Qf4 Qd3+ 53. Kb2 Qf5 54. Qd6+ Qd7 55. Qf8+ Kc7 56. Qxg7 Bg3 57. Qf8 Bf4 58.
Ba5+ Kb7 59. Qb4+ Kc8 60. Qf8+ Kb7 1/2-1/2

[Event "SW New Year Major"]
[Site "Bridgend"]
[Date "2018.01.06"]
[Round "3.5"]
[White "Gay, Simon"]
[Black "Cox, John"]
[Result "1-0"]
[WhiteElo "1730"]
[BlackElo "1492"]
[PlyCount "77"]
[EventDate "2018.01.05"]
[EventType "swiss"]
[EventRounds "5"]
[EventCountry "WLS"]
[SourceDate "2018.01.07"]

1. e4 c5 2. Nc3 d6 3. Nf3 Nf6 4. g3 Nc6 5. Bg2 g6 6. O-O Bg7 7. d3 Bg4 8. h3
Bxf3 9. Bxf3 Nd4 10. Bg2 Rb8 11. Ne2 Nxe2+ 12. Qxe2 O-O 13. c3 e5 14. Be3 Re8
15. Kh2 Qd7 16. Rad1 Qe6 17. c4 a6 18. f4 exf4 19. gxf4 Kh8 20. Bf3 b5 21. b3
b4 22. Qg2 Qe7 23. Bf2 Ng8 24. Rg1 Bh6 25. Bg3 Rbd8 26. e5 dxe5 27. Bc6 Rf8 28.
fxe5 Be3 29. Rge1 Bd4 30. Re2 Nh6 31. Qe4 Nf5 32. Bf2 Kg7 33. Bd5 Bxf2 34. Rxf2
h5 35. Rg1 Kh7 36. Rxf5 gxf5 37. Qxf5+ Kh6 38. Bf3 Rh8 39. Qf4+ 1-0

[Event "SW New Year Major"]
[Site "Bridgend"]
[Date "2018.01.06"]
[Round "3.6"]
[White "Fraser, Susanna"]
[Black "Blackmore, Simon"]
[Result "0-1"]
[WhiteElo "1655"]
[BlackElo "1642"]
[PlyCount "138"]
[EventDate "2018.01.05"]
[EventType "swiss"]
[EventRounds "5"]
[EventCountry "WLS"]
[SourceDate "2018.01.07"]

1. d4 d5 2. c4 c6 3. Nf3 Nf6 4. g3 g6 5. Bg2 Bg7 6. O-O O-O 7. Bf4 Nbd7 8. Nbd2
Re8 9. Qc2 Nh5 10. Be3 e5 11. cxd5 cxd5 12. dxe5 Nxe5 13. Rad1 Ng4 14. Bd4 Rxe2
15. Bxg7 Nxg7 16. Qd3 Re7 17. Nb3 Nf5 18. Qxd5 Rd7 19. Qe4 Rxd1 20. Qxg4 Rxf1+
21. Bxf1 Ne3 22. Qe4 Nxf1 23. Kxf1 Bh3+ 24. Ke1 Qd7 25. Qd4 Qe7+ 26. Qe3 Qxe3+
27. fxe3 Be6 28. Nfd4 Bxb3 29. Nxb3 Rc8 30. Kd2 Kg7 31. Kd3 Kf6 32. h3 Ke5 33.
Nd2 Rc6 34. b3 Rd6+ 35. Ke2 b5 36. Nf3+ Kf6 37. Nd4 a6 38. h4 Ke5 39. Nf3+ Kf6
40. Ng5 Rc6 41. Nxh7+ Kg7 42. Ng5 Rc2+ 43. Kd3 Rxa2 44. Ne4 f5 45. Nd2 Kh6 46.
e4 Rxd2+ 47. Kxd2 fxe4 48. Ke3 Kh5 49. Kf4 e3 50. Kxe3 Kg4 51. b4 Kxg3 52. Kd4
Kxh4 53. Kc5 g5 54. Kb6 g4 55. Kxa6 g3 56. Kxb5 g2 57. Kc6 g1=Q 58. b5 Qa7 59.
b6 Qb8 60. b7 Kg5 61. Kb6 Kf6 62. Kc6 Ke6 63. Kb6 Kd6 64. Ka6 Kc6 65. Ka5 Qxb7
66. Ka4 Kc5 67. Ka3 Kc4 68. Ka2 Kc3 69. Ka1 Qb2# 0-1

[Event "SW New Year Major"]
[Site "Bridgend"]
[Date "2018.01.06"]
[Round "3.7"]
[White "Williams, Steve"]
[Black "Rovaretti, David"]
[Result "1-0"]
[WhiteElo "1765"]
[BlackElo "1762"]
[PlyCount "39"]
[EventDate "2018.01.05"]
[EventType "swiss"]
[EventRounds "5"]
[EventCountry "WLS"]
[SourceDate "2018.01.07"]

1. d4 b6 2. Nc3 Bb7 3. e4 e6 4. Bd3 Bb4 5. Nge2 Nf6 6. O-O d5 7. e5 Nfd7 8. f4
c5 9. a3 Bxc3 10. Nxc3 cxd4 11. Nb5 O-O 12. Nxd4 Nc5 13. Rf3 Ne4 14. Rh3 g6 15.
Qg4 Nc6 16. Nf3 Qe7 17. Be3 f5 18. exf6 Nxf6 19. Qg5 Nh5 20. Rxh5 1-0

[Event "SW New Year Major"]
[Site "Bridgend"]
[Date "2018.01.06"]
[Round "3.8"]
[White "Orton, Paul"]
[Black "Penny, Liam"]
[Result "1/2-1/2"]
[WhiteElo "1608"]
[BlackElo "1716"]
[PlyCount "73"]
[EventDate "2018.01.05"]
[EventType "swiss"]
[EventRounds "5"]
[EventCountry "WLS"]
[SourceDate "2018.01.07"]

1. d4 Nf6 2. Bf4 g6 3. Nf3 Bg7 4. Nc3 O-O 5. Qd2 d6 6. e4 Nfd7 7. Bh6 e5 8.
Bxg7 Kxg7 9. Bc4 Nc6 10. O-O Nb6 11. Be2 Bg4 12. d5 Ne7 13. b3 Nd7 14. h3 Bxf3
15. Bxf3 f5 16. Ne2 f4 17. g3 g5 18. gxf4 gxf4 19. Kh2 Ng6 20. Rg1 Nf6 21. Qd3
Kh8 22. Bg4 Nxg4+ 23. Rxg4 Qd7 24. f3 Rf7 25. h4 Rg8 26. Rag1 Rfg7 27. Qd1 Qe7
28. Qe1 Qf6 29. Kh3 Ne7 30. Rxg7 Rxg7 31. Rxg7 Qxg7 32. Qg1 Qxg1 33. Nxg1 Kg7
34. Kg4 Kg6 35. h5+ Kf6 36. Nh3 h6 37. c4 1/2-1/2

[Event "SW New Year Major"]
[Site "Bridgend"]
[Date "2018.01.06"]
[Round "3.9"]
[White "Livermore, Richard"]
[Black "Jones, Jonathan"]
[Result "1-0"]
[WhiteElo "1697"]
[BlackElo "1525"]
[PlyCount "53"]
[EventDate "2018.01.05"]
[EventType "swiss"]
[EventRounds "5"]
[EventCountry "WLS"]
[SourceDate "2018.01.07"]

1. d4 Nf6 2. Nf3 d6 3. c4 g6 4. Nc3 Bg7 5. g3 c6 6. Bg2 Nbd7 7. e4 Nb6 8. b3
Bg4 9. h3 Bxf3 10. Qxf3 Nfd7 11. Be3 c5 12. Rd1 Rc8 13. O-O e5 14. Nb5 Qe7 15.
dxc5 O-O 16. cxb6 axb6 17. Rxd6 Rc6 18. Rfd1 Rxd6 19. Rxd6 Ra8 20. a4 Bf8 21.
Qd1 Nc5 22. Bxc5 bxc5 23. Rd7 Qf6 24. Qd5 Be7 25. Qxb7 Re8 26. Nc7 Rf8 27. Nd5
1-0